<?xml version="1.0" encoding="UTF-8"?>
<record
    xmlns:xsi="http://www.w3.org/2001/XMLSchema-instance"
    xsi:schemaLocation="http://www.loc.gov/MARC21/slim http://www.loc.gov/standards/marcxml/schema/MARC21slim.xsd"
    xmlns="http://www.loc.gov/MARC21/slim">

  <leader>02409nam a22002897a 4500</leader>
  <controlfield tag="005">20250728095128.0</controlfield>
  <controlfield tag="008">220224b           ||||| |||| 00| 0 eng d</controlfield>
  <datafield tag="020" ind1=" " ind2=" ">
    <subfield code="a">9789351306870</subfield>
  </datafield>
  <datafield tag="040" ind1=" " ind2=" ">
    <subfield code="c">Aloy</subfield>
  </datafield>
  <datafield tag="041" ind1=" " ind2=" ">
    <subfield code="a">eng</subfield>
  </datafield>
  <datafield tag="082" ind1=" " ind2=" ">
    <subfield code="2">23</subfield>
    <subfield code="a">591.6</subfield>
    <subfield code="b">RATA</subfield>
  </datafield>
  <datafield tag="100" ind1=" " ind2=" ">
    <subfield code="a">Ashok K Rathoure...[et. al]</subfield>
    <subfield code="9">220421</subfield>
  </datafield>
  <datafield tag="245" ind1=" " ind2=" ">
    <subfield code="a">Applied and Economic Zoology</subfield>
    <subfield code="b">: A Textbook of Zoological Science</subfield>
  </datafield>
  <datafield tag="260" ind1=" " ind2=" ">
    <subfield code="a">New Delhi</subfield>
    <subfield code="b">Daya Publishing House</subfield>
    <subfield code="c">2021</subfield>
  </datafield>
  <datafield tag="300" ind1=" " ind2=" ">
    <subfield code="a">viii,310p</subfield>
    <subfield code="b">HB</subfield>
    <subfield code="c">24x16cm</subfield>
  </datafield>
  <datafield tag="365" ind1=" " ind2=" ">
    <subfield code="2">Zoologoy</subfield>
    <subfield code="a">MLSH21CRB335</subfield>
    <subfield code="b">1836.00</subfield>
    <subfield code="c">&#x20B9;</subfield>
    <subfield code="d">2295.00</subfield>
    <subfield code="e">20%</subfield>
    <subfield code="f">20-02-2022</subfield>
  </datafield>
  <datafield tag="520" ind1=" " ind2=" ">
    <subfield code="a">Recently Applied and Economic Zoology has been included in national syllabus by UGC for undergraduates. The book examines insect pests, animal pests, natural enemies, beneficial insects, beneficial animals, agricultural chemicals and more. The current book is blueprint for undergraduate students to aware about our natural wild life and its economic importance. The book contains four chapters with illustrations and boxed materials. In the chapter 1, we have covered parasitology, in which we have deliberately discussed about parasites of domestic animals and human, structures, life cycles, pathogenicity, diseases, symptoms and it control. In chapter 2, we consciously talk about vectors and pests. Here, we covered life cycle and control of pest and vectors such as Gundhi bug, Sugarcane leafhopper, Rodents, Termites and Mosquitoes. Chapter 3 is about animal breeding and animal cultures. In this, we stared with basic introduction about breeding and culture, difference between them and then detailed discussion about Animals and Human Society, Animal Breeding, Genetic engineering applications in Animal Breeding, Breeding and Variation, Aquaculture, Pisciculture, Poultry farming, Sericulture, Apiculture, Lac-culture. The last chapter has wild life of India. In this chapter we provided detail for Wild Life Protection and Acts, Documentation of Wild Life, Rare, Endangered and Endemic species, Protected Area Network, Conservation of Wild Life, In-situ and Ex-situ conservation.</subfield>
  </datafield>
  <datafield tag="650" ind1=" " ind2=" ">
    <subfield code="a">Economic Zoology</subfield>
    <subfield code="9">21860</subfield>
  </datafield>
  <datafield tag="650" ind1=" " ind2=" ">
    <subfield code="a">Parasitology</subfield>
    <subfield code="9">21861</subfield>
  </datafield>
  <datafield tag="650" ind1=" " ind2=" ">
    <subfield code="a">Vectors and Pests</subfield>
    <subfield code="9">21862</subfield>
  </datafield>
  <datafield tag="650" ind1=" " ind2=" ">
    <subfield code="a">Animal Breeding and Culture</subfield>
    <subfield code="9">21863</subfield>
  </datafield>
  <datafield tag="650" ind1=" " ind2=" ">
    <subfield code="a">Wild Life of India</subfield>
    <subfield code="9">21864</subfield>
  </datafield>
  <datafield tag="700" ind1=" " ind2=" ">
    <subfield code="a">Deshmukh, Nazneen Z</subfield>
    <subfield code="9">21866</subfield>
  </datafield>
  <datafield tag="700" ind1=" " ind2=" ">
    <subfield code="a">Kumar, Dinesh</subfield>
    <subfield code="9">21867</subfield>
  </datafield>
  <datafield tag="700" ind1=" " ind2=" ">
    <subfield code="a">Goswami, Rachna</subfield>
    <subfield code="9">21868</subfield>
  </datafield>
  <datafield tag="942" ind1=" " ind2=" ">
    <subfield code="2">ddc</subfield>
    <subfield code="c">REF</subfield>
  </datafield>
  <datafield tag="999" ind1=" " ind2=" ">
    <subfield code="c">221602</subfield>
    <subfield code="d">221602</subfield>
  </datafield>
  <datafield tag="952" ind1=" " ind2=" ">
    <subfield code="0">0</subfield>
    <subfield code="1">0</subfield>
    <subfield code="2">ddc</subfield>
    <subfield code="4">0</subfield>
    <subfield code="7">3</subfield>
    <subfield code="8">ZOO</subfield>
    <subfield code="a">AL</subfield>
    <subfield code="b">AL</subfield>
    <subfield code="c">RS</subfield>
    <subfield code="d">2022-02-24</subfield>
    <subfield code="e">Sapna Book House Pvt Ltd Mangalore-575001</subfield>
    <subfield code="g">1836.00</subfield>
    <subfield code="l">0</subfield>
    <subfield code="o">591.6 RATA</subfield>
    <subfield code="p">075496</subfield>
    <subfield code="r">2022-02-24 00:00:00</subfield>
    <subfield code="v">2295.00</subfield>
    <subfield code="w">2022-02-24</subfield>
    <subfield code="y">REF</subfield>
  </datafield>
</record>
